| 000 | 00410nam a2200157 a 4500 | ||
|---|---|---|---|
| 020 | _a0003830330 (pbk) : | ||
| 040 | _cUKM | ||
| 082 | _a636 COL 1985 A056 Or. | ||
| 100 | 1 | _aCroston, David | |
| 245 | 1 | 0 | _aPlanned sheep production / |
| 260 |
_aLondon : _bCollins Professional and Technical, _c1985 |
||
| 300 |
_avii, 211 p. : _bill. ; _c24 cm |
||
| 650 | 0 | _aSheep | |
| 700 | 1 | 0 | _aPollott, Geoffrey |
| 942 | _cEK | ||
| 999 |
_c15865 _d15865 |
||